[Event "9ème Open International de Rouen"]
[Site "ROUEN"]
[Date "2016.12.20"]
[Round "7.29"]
[White "Delin, Valere"]
[Black "Fourcart, Marc"]
[Result "1/2-1/2"]
[WhiteElo "1346"]
[BlackElo "1706"]
[PlyCount "64"]
[EventDate "2016.??.??"]

1. e4 c5 2. Nf3 d6 3. Bb5+ Bd7 4. Bxd7+ Qxd7 5. O-O Nc6 6. c3 Nf6 7. Re1 e5
8. d4 exd4 9. cxd4 O-O-O 10. Bf4 Qg4 11. g3 h6 12. d5 Ne7 13. Nfd2 Qh3 14. Qa4
a6 15. Qc4 Ng4 16. Nf3 g5 17. Bxd6 Rxd6 18. Qxc5+ Nc6 19. dxc6 Rxc6 20. Qf5+
Kb8 21. Nbd2 Bc5 22. Rf1 Rd8 23. Rad1 Bb4 24. Nb3 Rxd1 25. Rxd1 Rf6 26. Rd8+
Ka7 27. Qc8 Rxf3 28. Qb8+ Kb6 29. Rd6+ Bxd6 30. Qxd6+ Ka7 31. Qd4+ Kb8 32. Qd8+
Ka7 1/2-1/2

[Event "9ème Open International de Rouen"]
[Site "ROUEN"]
[Date "2016.12.20"]
[Round "7.30"]
[White "Vasset, Francois"]
[Black "Javor, Besim"]
[Result "0-1"]
[WhiteElo "1399"]
[BlackElo "1873"]
[PlyCount "100"]
[EventDate "2016.??.??"]

1. e4 Nf6 2. Nc3 d6 3. d4 g6 4. Be3 Bg7 5. Qd2 h6 6. f3 d5 7. e5 Ng8 8. Bd3 e6
9. Nh3 Ne7 10. Nf2 Nf5 11. Bf4 Nxd4 12. Ng4 g5 13. Bg3 h5 14. Nf6+ Bxf6 15.
exf6 Qxf6 16. Bxc7 Nd7 17. O-O-O a6 18. Qf2 Nc6 19. Kb1 Nce5 20. Be2 Ng6 21.
Rde1 O-O 22. Bd3 Re8 23. g3 Rf8 24. f4 Kg7 25. Qd2 g4 26. Bf1 Rh8 27. Ne2 Ne7
28. Nc1 Nf5 29. Nd3 Qg6 30. Ne5 Nxe5 31. Bxe5+ f6 32. Bc3 Bd7 33. Bd3 Rhf8 34.
Qf2 Rae8 35. Qb6 Bc8 36. Re2 Rf7 37. Rhe1 e5 38. fxe5 fxe5 39. Bxe5+ Rxe5 40.
Qxg6+ Kxg6 41. Rxe5 d4 42. Rf1 Kg5 43. Bxf5 Bxf5 44. Rf4 Kg6 45. Rxd4 Rc7 46.
Rd2 Kf6 47. Re8 Bg6 48. Rg8 Re7 49. a3 Re1+ 50. Ka2 Bf7+ 0-1

[Event "9ème Open International de Rouen"]
[Site "ROUEN"]
[Date "2016.12.20"]
[Round "7.31"]
[White "Lefebvre, Willy"]
[Black "Heckly, Jean-Louis"]
[Result "1-0"]
[WhiteElo "1527"]
[BlackElo "1606"]
[PlyCount "109"]
[EventDate "2016.??.??"]

1. e4 e5 2. Nf3 Nc6 3. d4 exd4 4. Bc4 Nf6 5. O-O Nxe4 6. Re1 d5 7. Bd3 Be7
8. Nbd2 O-O 9. Nxe4 dxe4 10. Bxe4 Bf6 11. Qd3 g6 12. Bh6 Re8 13. Bxc6 Rxe1+
14. Rxe1 bxc6 15. Qe4 Be6 16. b3 Bd5 17. Qd3 c5 18. Qd2 Bxf3 19. gxf3 Bg7
20. Bg5 f6 21. Bh4 Qd7 22. Qe2 Kf7 23. Qc4+ Kf8 24. Qxc5+ Kg8 25. Qe7 Qf5
26. Qe6+ Qxe6 27. Rxe6 Kf7 28. Rc6 Rc8 29. Bg3 Ke7 30. Rxc7+ Rxc7 31. Bxc7 Kd7
32. Bb8 a6 33. Ba7 f5 34. Bc5 Kc6 35. Ba3 Kd5 36. Kf1 Bh6 37. Ke2 Bf4 38. h3 h5
39. Be7 Bc7 40. Kd3 Be5 41. Bg5 Bg7 42. Bd2 Bf8 43. c3 dxc3 44. Bxc3 Bd6
45. Bd4 Bb4 46. Be3 Be7 47. f4 Bb4 48. f3 Be7 49. Bd2 Bd6 50. b4 Kc6 51. Kc4
Bc7 52. a4 Bd6 53. b5+ axb5+ 54. axb5+ Kb7 55. Be3 1-0

[Event "9ème Open International de Rouen"]
[Site "ROUEN"]
[Date "2016.12.20"]
[Round "7.32"]
[White "Coquelin, Jonathan"]
[Black "Cernettig, Michel"]
[Result "1-0"]
[WhiteElo "1439"]
[BlackElo "1398"]
[PlyCount "63"]
[EventDate "2016.??.??"]

1. d4 Nf6 2. c4 e6 3. Nc3 Bb4 4. Bd2 O-O 5. e3 b6 6. Bd3 Bb7 7. Nf3 c5 8. O-O
d5 9. cxd5 Nxd5 10. Qc2 cxd4 11. Nxd5 Bxd2 12. Nc7 dxe3 13. Nxd2 Qg5 14. Ne4
exf2+ 15. Rxf2 Qg6 16. Ng3 f5 17. Nxa8 Bxa8 18. Qc4 Bd5 19. Qc3 Qf6 20. Qxf6
Rxf6 21. a3 Nc6 22. Nh5 Rf8 23. Nf4 Bb3 24. Re1 e5 25. Ne2 e4 26. Bb5 Ne5
27. Ref1 g6 28. Nd4 Rf6 29. Nxb3 Ng4 30. Re2 e3 31. h3 Nf2 32. Rxe3 1-0

[Event "9ème Open International de Rouen"]
[Site "ROUEN"]
[Date "2016.12.20"]
[Round "7.33"]
[White "Grignoux, Yannick"]
[Black "Guignard, Jonathan"]
[Result "1-0"]
[WhiteElo "1481"]
[BlackElo "1249"]
[PlyCount "135"]
[EventDate "2016.??.??"]

1. d4 d5 2. Bf4 Nc6 3. Nc3 Nf6 4. Nb5 e5 5. dxe5 Ng4 6. e6 Nge5 7. exf7+ Kxf7
8. e3 Bf5 9. Nf3 Bd6 10. Nxd6+ Qxd6 11. Ng5+ Kg8 12. c3 h6 13. Nf3 Kh7 14. h3
Rae8 15. Bb5 Rhf8 16. O-O Be4 17. Nxe5 Nxe5 18. Bxe8 Rxe8 19. Qh5 Re6 20. f3
Bg6 21. Qh4 Bf7 22. Rad1 Rg6 23. c4 c6 24. Qf2 Be6 25. Kh1 Bf7 26. Qc2 Qe6 27.
cxd5 cxd5 28. Qc7 Nc4 29. Rde1 Nxb2 30. Rb1 Nd3 31. Rxb7 Rf6 32. Qc2 Bg6 33.
Qa4 Nxf4 34. exf4 Qe3 35. Qxa7 Qxf4 36. Rxg7+ Kh8 37. Re1 Rf7 38. Rxf7 Bxf7 39.
Re7 Qc1+ 40. Qg1 Qf4 41. a4 Kg7 42. a5 Qd6 43. Qe3 d4 44. Qe5+ Qxe5 45. Rxe5 d3
46. Re7 Kf6 47. Rd7 Bc4 48. Kg1 Ke6 49. Rd8 Ke5 50. Kf2 Kf4 51. g3+ Ke5 52. Ke3
h5 53. g4 hxg4 54. hxg4 Ba6 55. g5 Kf5 56. g6 Kxg6 57. Rd6+ Kf7 58. Rxa6 Ke7
59. Rb6 d2 60. Kxd2 Kd7 61. a6 Kc7 62. Rb3 Kd6 63. a7 Ke5 64. a8=R Kf4 65. Rb4+
Kg3 66. Ke3 Kg2 67. Rg8+ Kf1 68. Rb1# 1-0

[Event "9ème Open International de Rouen"]
[Site "ROUEN"]
[Date "2016.12.20"]
[Round "7.34"]
[White "Zinoun, Said"]
[Black "Dionisi, Michel"]
[Result "1-0"]
[WhiteElo "1458"]
[BlackElo "1390"]
[PlyCount "83"]
[EventDate "2016.??.??"]

1. Nf3 Nf6 2. Nc3 g6 3. e4 d6 4. h3 Bg7 5. d4 O-O 6. Bc4 c6 7. a4 a5 8. Be3
Na6 9. O-O c5 10. Qd2 Qc7 11. d5 Bd7 12. Bh6 Nb4 13. Rac1 e6 14. Rfe1 Rfe8
15. Bxg7 Kxg7 16. b3 Qc8 17. e5 dxe5 18. d6 e4 19. Nxe4 Nxe4 20. Rxe4 Bc6
21. Rh4 h5 22. Ne5 Qd8 23. Rf4 f6 24. Nxc6 Nxc6 25. Bb5 e5 26. Rc4 Re6 27. d7
b6 28. Qd5 Qe7 29. Bxc6 Rd6 30. Qf3 Ra7 31. Rd1 Rc7 32. Rxd6 Qxd6 33. Bb5 f5
34. Qe2 e4 35. Rc3 Kf6 36. Qe3 g5 37. h4 Qd1+ 38. Kh2 Qd6+ 39. g3 f4 40. hxg5+
Kg6 41. Qxe4+ Kxg5 42. Qxf4+ 1-0

[Event "9ème Open International de Rouen"]
[Site "ROUEN"]
[Date "2016.12.20"]
[Round "7.35"]
[White "Blondel, Jean-Michel"]
[Black "Rocher, Elian"]
[Result "1-0"]
[WhiteElo "1369"]
[BlackElo "1450"]
[PlyCount "74"]
[EventDate "2016.??.??"]

1. e4 e5 2. Nf3 Nc6 3. Nc3 Bc5 4. a3 a6 5. Be2 Nf6 6. O-O O-O 7. d3 d6 8. Bg5
h6 9. Bh4 Be6 10. h3 Nd4 11. Nxd4 Bxd4 12. Qd2 Bxc3 13. Qxc3 Nxe4 14. dxe4 Qxh4
15. Qxc7 Qd8 16. Qxb7 Qc8 17. Qxc8 Rfxc8 18. c3 Bb3 19. Bd1 Bc4 20. Re1 Rcb8
21. b4 Rc8 22. Rc1 a5 23. Be2 Bxe2 24. Rxe2 axb4 25. axb4 Ra3 26. Rec2 Rb3 27.
f3 Kf8 28. Kf2 Ke7 29. Ke2 Ke6 30. Kd2 d5 31. exd5+ Kxd5 32. Ra1 Ke6 33. Ra5
Rd8+ 34. Kc1 Rd3 35. Rc5 Rd5 36. Rxd5 Kxd5 37. Rd2+ Kc4 {
Feuilles de partie illisibles, gain Blancs au 49ème coup.} 1-0

[Event "9ème Open International de Rouen"]
[Site "ROUEN"]
[Date "2016.12.20"]
[Round "7.36"]
[White "Ferreira, Loic"]
[Black "Colin-Chen, Christine"]
[Result "1/2-1/2"]
[WhiteElo "1441"]
[BlackElo "1359"]
[PlyCount "62"]
[EventDate "2016.??.??"]

1. e4 c5 2. Nc3 Nc6 3. f4 d6 4. Nf3 Nf6 5. Bc4 e6 6. d3 d5 7. Bb5 a6 8. Bxc6+
bxc6 9. O-O d4 10. Ne2 Be7 11. Ng3 Bd7 12. Ne5 h5 13. Nxd7 Qxd7 14. e5 Ng4 15.
h3 Ne3 16. Bxe3 dxe3 17. Qe2 Rb8 18. Rab1 g6 19. Qxe3 Qd4 20. Qxd4 cxd4 21. Ne4
O-O 22. g4 f5 23. exf6 Bxf6 24. Nxf6+ Rxf6 25. g5 Rf5 26. h4 Kf7 27. Kg2 Ke7
28. Kf3 Rbf8 29. Kg3 Kd6 30. Rbe1 Rb8 31. b3 Rbb5 1/2-1/2

[Event "9ème Open International de Rouen"]
[Site "ROUEN"]
[Date "2016.12.20"]
[Round "7.37"]
[White "Mignot, Philippe"]
[Black "Pineau, Patrick"]
[Result "0-1"]
[WhiteElo "1321"]
[BlackElo "1433"]
[PlyCount "49"]
[EventDate "2016.??.??"]

1. d4 e6 2. e4 Nc6 3. Nf3 Nf6 4. e5 Nd5 5. c4 Nde7 6. Bd3 d5 7. c5 b6 8. cxb6
axb6 9. Bg5 h6 10. Bxe7 Bxe7 11. Bb5 Bd7 12. Na3 Bxa3 13. bxa3 Rxa3 14. Qc1 Qa8
15. O-O Ra5 16. a4 O-O 17. Qc2 Nb4 18. Qc3 Bxb5 19. axb5 Na2 20. Qxc7 Rxb5 21.
Qc2 Ra5 22. Rfb1 Rc8 23. Qd2 Nc3 24. Rxa5 Qxa5 25. Rc1 0-1

[Event "9ème Open International de Rouen"]
[Site "ROUEN"]
[Date "2016.12.20"]
[Round "7.38"]
[White "Nguyen, Tristan"]
[Black "Lormier, Vincent"]
[Result "1-0"]
[WhiteElo "1199"]
[BlackElo "1399"]
[PlyCount "69"]
[EventDate "2016.??.??"]

1. e4 Nf6 2. Nc3 d5 3. exd5 Nxd5 4. Ne4 Bf5 5. Ng3 Bg6 6. Nf3 h6 7. Bc4 Nb6 8.
Bb3 a5 9. Ne5 Nc6 10. Nxg6 fxg6 11. c3 Ne5 12. d4 Nec4 13. Qd3 Qd5 14. Qxg6+
Kd8 15. O-O a4 16. Bxc4 Nxc4 17. Ne4 Ra6 18. Qg4 Re6 19. Nc5 Rf6 20. b3 Nb6 21.
Qe4 Qxe4 22. Nxe4 Rc6 23. Nc5 Kc8 24. Re1 Nd5 25. Bd2 g5 26. g3 Rg8 27. Nxa4 e6
28. Nc5 Bxc5 29. dxc5 Rf8 30. Re5 Kd7 31. Rd1 Rxc5 32. c4 Kd6 33. Rde1 Rf6 34.
cxd5 exd5 35. Bb4 1-0

[Event "9ème Open International de Rouen"]
[Site "ROUEN"]
[Date "2016.12.20"]
[Round "7.39"]
[White "Bailly, Yannick"]
[Black "Ayoub, Alexandre"]
[Result "1/2-1/2"]
[WhiteElo "1396"]
[BlackElo "1303"]
[PlyCount "86"]
[EventDate "2016.??.??"]

1. Nf3 Nf6 2. c4 e6 3. Nc3 d5 4. e3 c5 5. d4 dxc4 6. Bxc4 Nc6 7. Bb5 Be7 8.
Bxc6+ bxc6 9. O-O O-O 10. dxc5 Bxc5 11. a3 Qc7 12. Qc2 Bd6 13. h3 Bb7 14. e4 c5
15. Re1 Rfd8 16. Bg5 Be7 17. Rad1 h6 18. Bh4 Nh7 19. Bxe7 Qxe7 20. Rxd8+ Rxd8
21. Rd1 Rxd1+ 22. Qxd1 Ng5 23. Nxg5 Qxg5 24. f3 Qe3+ 25. Kh1 Qd4 26. Qxd4 cxd4
27. Nb1 e5 28. Kg1 Kf8 29. Kf2 Ke7 30. Nd2 Ba6 31. Nb3 Kd6 32. Ke1 g6 33. g3 f5
34. Nd2 Kc6 35. Kf2 Kb5 36. b3 Kc6 37. g4 f4 38. h4 Kc5 39. Ke1 d3 40. Nb1 Kd4
41. Kd2 Bb7 42. Nc3 Bc6 43. h5 g5 {et Nulle au 54ème coup.} 1/2-1/2

[Event "9ème Open International de Rouen"]
[Site "ROUEN"]
[Date "2016.12.20"]
[Round "7.41"]
[White "Deschuyteneer, Lucien"]
[Black "Voegele, Francois-Marie"]
[Result "1-0"]
[WhiteElo "1399"]
[BlackElo "1130"]
[PlyCount "107"]
[EventDate "2016.??.??"]

1. e4 c5 2. Nf3 Nc6 3. c3 d6 4. d4 cxd4 5. cxd4 Nf6 6. Nc3 e6 7. Be2 Be7 8. O-O
O-O 9. h3 Bd7 10. Be3 a6 11. Rc1 h6 12. d5 exd5 13. exd5 Na7 14. a4 Rc8 15.
Bxa7 b6 16. a5 b5 17. Bb6 Qe8 18. Re1 Kh8 19. Na2 Ra8 20. Nb4 Kh7 21. Bd3+ Kg8
22. Bb1 Bc8 23. Nc6 Qd7 24. Rxe7 Kh8 25. Rxd7 Bxd7 26. Kh2 Kg8 27. Ne7+ Kh8 28.
Rc7 Rad8 29. Nf5 Ne8 30. Rc1 Nf6 31. Bxd8 Rxd8 32. Nxd6 Rf8 33. Ne5 Kg8 34. Rc7
Rd8 35. Nxd7 b4 36. Nxf6+ gxf6 37. Rc8 Rxc8 38. Nxc8 Kf8 39. Bh7 Kg7 40. Qd3
Kh8 41. Qxa6 Kg7 42. Bd3 h5 43. Be2 Kg6 44. Ne7+ Kg5 45. f4+ Kxf4 46. Qxf6+ Ke3
47. Qe5+ Kd2 48. Bf3 h4 49. Qe2+ Kc1 50. b3 f6 51. Qe3+ Kc2 52. Be4+ Kd1 53.
Qd3+ Kc1 54. Qc2# 1-0

[Event "9ème Open International de Rouen"]
[Site "ROUEN"]
[Date "2016.12.20"]
[Round "7.42"]
[White "Argouse, Alexandre"]
[Black "Ferreira, Theo"]
[Result "0-1"]
[WhiteElo "1148"]
[BlackElo "1299"]
[PlyCount "72"]
[EventDate "2016.??.??"]

1. e4 e5 2. Nf3 Nc6 3. Bc4 Bc5 4. c3 Nf6 5. d4 exd4 6. e5 d5 7. Bb5 Ne4
8. cxd4 Bb6 9. O-O O-O 10. Nc3 Bg4 11. Be2 Bxf3 12. Bxf3 Nxd4 13. Nxe4 Nxf3+
14. Qxf3 dxe4 15. Qxe4 Rb8 16. Qg4 Qd4 17. Qxd4 Bxd4 18. Re1 Rfe8 19. Be3 Bxb2
20. Bxa7 Bxa1 21. Bxb8 Rxb8 22. Rxa1 Re8 23. Rb1 Rxe5 24. f4 Re2 25. Rxb7 g6
26. Rxc7 Rxa2 27. h4 Ra4 28. g3 Ra2 29. g4 Ra4 30. h5 Rxf4 31. g5 gxh5 32. Rc2
Rg4+ 33. Rg2 Rxg2+ 34. Kxg2 Kg7 35. Kg3 Kg6 36. Kh4 h6 0-1

[Event "9ème Open International de Rouen"]
[Site "ROUEN"]
[Date "2016.12.20"]
[Round "7.43"]
[White "Piassale, Mael"]
[Black "Lebreton, Gabin"]
[Result "1-0"]
[WhiteElo "1281"]
[BlackElo "1237"]
[PlyCount "95"]
[EventDate "2016.??.??"]

1. e4 e5 2. Nf3 Nc6 3. d4 exd4 4. Bc4 Nf6 5. e5 d5 6. Bb5 Ne4 7. Nxd4 Bd7
8. Bxc6 bxc6 9. O-O c5 10. Ne2 c6 11. f3 Ng5 12. f4 Ne6 13. f5 Nc7 14. Be3 Qc8
15. Ng3 g6 16. f6 Bg4 17. Qe1 Qe6 18. Bf4 Nb5 19. c3 d4 20. a4 Nc7 21. Qf2
O-O-O 22. b4 a6 23. b5 a5 24. bxc6 Qxc6 25. c4 Be6 26. Nd2 Na6 27. Nge4 Bxc4
28. Nxc4 Qxe4 29. Rfe1 Qf5 30. Qf3 Qe6 31. Rab1 Nb4 32. Nxa5 Qa6 33. e6 Bd6
34. Bxd6 Rxd6 35. Nc4 Rxe6 36. Rxe6 fxe6 37. Re1 Kc7 38. Qf4+ Kd7 39. Ne5+ Kc8
40. f7 Rf8 41. Qf6 Qd6 42. Nc4 Qd8 43. Qxe6+ Kc7 44. Qb6+ Kc8 45. Qxc5+ Nc6
46. Qxc6+ Qc7 47. Re8+ Rxe8 48. fxe8=Q# 1-0

[Event "9ème Open International de Rouen"]
[Site "ROUEN"]
[Date "2016.12.20"]
[Round "7.44"]
[White "Garcia, Frederic"]
[Black "Demol, Sylvain"]
[Result "1/2-1/2"]
[WhiteElo "1254"]
[BlackElo "1250"]
[PlyCount "106"]
[EventDate "2016.??.??"]

1. e4 e5 2. Nf3 Nc6 3. Bc4 Bc5 4. c3 Nf6 5. d3 a6 6. Bb3 d6 7. h3 Be6 8. Qe2
d5 9. Bg5 Na5 10. Bxd5 Bxd5 11. Bxf6 gxf6 12. exd5 Qxd5 13. b4 Bxf2+ 14. Kxf2
Nc6 15. Re1 O-O-O 16. d4 Rhe8 17. Na3 e4 18. Nh4 e3+ 19. Kf1 Re4 20. Qf3 Rde8
21. Qf5+ Qe6 22. Qxe6+ R8xe6 23. g3 Ne7 24. Nc2 e2+ 25. Kf2 f5 26. Nf3 f4
27. g4 Rg6 28. Rxe2 Rxe2+ 29. Kxe2 Re6+ 30. Kf2 Nd5 31. Re1 Rc6 32. Re8+ Kd7
33. Ne5+ Kxe8 34. Nxc6 bxc6 35. Kf3 Nxc3 36. Kxf4 Ke7 37. Ke5 f6+ 38. Kf5 Kf7
39. a3 Nd5 40. Ke4 Kg6 41. Ne3 Ne7 42. Kf4 h5 43. Nf5 Nd5+ 44. Ke4 hxg4
45. hxg4 Kg5 46. Kf3 Nc3 47. Ne7 Nb1 48. d5 Nc3 49. dxc6 Nb5 50. Nd5 Nd4+
51. Kg3 Ne2+ 52. Kf3 Nd4+ 53. Kg3 Ne2+ 1/2-1/2

[Event "9ème Open International de Rouen"]
[Site "ROUEN"]
[Date "2016.12.20"]
[Round "7.45"]
[White "Panier, Yves"]
[Black "Madon, Paul"]
[Result "1-0"]
[WhiteElo "1160"]
[BlackElo "1199"]
[PlyCount "135"]
[EventDate "2016.??.??"]

1. d4 Nc6 2. d5 Ne5 3. Bf4 f6 4. e4 d6 5. c4 e6 6. Nc3 exd5 7. exd5 Bg4 8. Qb3
Qe7 9. Ne4 Rb8 10. f3 Bf5 11. Ne2 Bg6 12. N2c3 f5 13. Nd2 Nd3+ 14. Kd1 Nf2+
15. Kc2 Nxh1 16. Qb5+ Kd8 17. Bd3 Nf2 18. Be2 Nf6 19. Bg5 h6 20. Bxf6 Qxf6
21. Rf1 f4+ 22. Nde4 Nxe4 23. Nxe4 Bxe4+ 24. fxe4 a6 25. Qb3 Qh4 26. h3 Qg3
27. Qxg3 fxg3 28. Rf3 b5 29. b3 Be7 30. Rxg3 Bg5 31. Kc3 b4+ 32. Kc2 a5 33. Rf3
Rg8 34. Rf2 Be7 35. g4 Bh4 36. Rf1 Bf6 37. Rf3 Re8 38. Bd3 g5 39. Rxf6 Ke7
40. Rxh6 Rf8 41. Kb2 Rf2+ 42. Bc2 Rbf8 43. Re6+ Kd7 44. e5 Rg2 45. Rg6 Rff2
46. e6+ Ke7 47. Rg7+ Kf6 48. Rf7+ Ke5 49. Rxf2 Rxf2 50. e7 Kd4 51. e8=Q a4
52. Qxa4 Rh2 53. Qa7+ Ke5 54. Qe3+ Kf6 55. Qe6+ Kg7 56. Qe7+ Kg8 57. Qe8+ Kg7
58. Qg6+ Kf8 59. Qf6+ Kg8 60. Qd8+ Kg7 61. Qxg5+ Kf8 62. Qh6+ Ke7 63. Qe6+ Kf8
64. g5 Kg7 65. g6 Rxh3 66. Qxh3 Kf8 67. Qd7 c5 68. Qf7# 1-0